000
00306nam a22001337a 4500
008
181206b xxu||||| |||| 00| 0 eng d
020
_a
9780880914154
041
_a
eng
080
_2
3 T5H
_a
610
100
_a
4
101
_a
SHM
245
_a
Reserach Successful Approach
_c
Monsen.E.R
942
_2
udc
_c
BK
999
_c
52962
_d
52962